| 000 | 00704nam a2200229 a 4500 | ||
|---|---|---|---|
| 999 |
_c520 _d520 |
||
| 001 | 520 | ||
| 003 | BD-JhCC | ||
| 005 | 20190917134018.0 | ||
| 008 | 171005s2005 bg |||| |||| 000 0 ben d | ||
| 020 | _a9844581176 | ||
| 035 | _a(BD-JhCC)520 | ||
| 040 |
_aBD-JhCC _dBD-JhCC |
||
| 041 | _aben | ||
| 082 |
_a891.443 _bIQB 2005 |
||
| 100 | _aইকবাল, মুহম্মদ জাফর | ||
| 245 |
_aপৃ / _cমুহম্মদ জাফর ইকবাল |
||
| 260 |
_aঢাকা; _bসময় প্রকাশ, _c২০০৫ |
||
| 300 |
_a৯৬ পৃ.; _c২২ সে. মি. |
||
| 650 | _aBengali Novel | ||
| 942 |
_2ddc _cBK _02 |
||